Código de Procedimiento Civil: anotaciones y concordancias. Índice temático. Títulos de artículos del cuerpo del código y de las normas del apéndice

Guardat en:
Dades bibliogràfiques
Autor corporatiu: Chile
Altres autors: Hernández de Lamotte, Diego Andrés (Director), Fuchs Nissim, Andrés (Director)
Format: Desconegut
Idioma:anglès
Publicat: Santiago, Chile: Legal Publishing; Thomson Reuters, 2020
Edició:Vigésima Edición.
Col·lecció:Colección 2020
Matèries:
Etiquetes: Afegir etiqueta
Sense etiquetes, Sigues el primer a etiquetar aquest registre!

MARC

LEADER 00000 a2200000 4500
003 CL-VaPUC
005 20250425110445.0
008 200331b ||||| |||| 00| 0 eng d
999 |c 423167  |d 423165 
020 |a 9789564000961 
040 |c Pontificia Universidad Católica de Valparaíso 
082 0 4 |2 21  |a 347.83 CHI 2020 
110 1 |a Chile  |9 890760 
245 1 0 |a Código de Procedimiento Civil: anotaciones y concordancias. Índice temático. Títulos de artículos del cuerpo del código y de las normas del apéndice 
250 |a Vigésima Edición.  |b Actualizada al 3 de enero de 2020 
260 3 |a Santiago, Chile:  |b Legal Publishing;  |b Thomson Reuters,  |c 2020 
300 |a 360 páginas 
490 0 |a Colección 2020 
505 |a Mensaje del Código de Procedimiento Civil. Mensaje sobre modificaciones a este Código. Decreto N.º 1.107, del Ministerio de Justicia, que aprueba el texto del Código. Ley N.º 1.552. Aprueba Código de Procedimiento Civil. -Libro Primero. Disposiciones Comunes a Todo Procedimiento. -Libro Segundo. Del Juicio Ordinario. -Libro Tercero. De los Juicios Especiales. -Libro Cuarto. De los Actos Judiciales No Contenciosos. Apéndice: -Ley N.º 18.120. Establece normas sobre Comparecencia en Juicio y modifica los artículos 4° del Código de Procedimiento Civil y 523 del Código Orgánico de Tribunales. (D.O. de 18 de mayo de 1982) -Ley N.º 14.908. Sobre Abandono de Familia y Pago de Pensiones Alimenticias. (D.O. de 30 de mayo de 2000) -Ley N.º 16.271. Ley de Impuesto a las Herencias, Asignaciones y Donaciones. (D.O. de 30 de mayo de 2000) -Ley N.º 20.066. Establece Ley de Violencia Intrafamiliar. (D.O. de 7 de octubre de 2005) 
583 |k Hugo Gaete  |c 20200331 
650 1 |a Derecho civil chileno  |9 320612 
650 1 |a Procedimiento civil  |y Chile  |9 891082 
650 1 0 |a Código civil chileno  |9 255931 
650 1 |a Juicio ordinario  |9 254867 
650 1 |a Juicios especiales  |9 348378 
650 1 |a Actos judiciales no contenciosos  |9 391844 
700 1 |a Hernández de Lamotte, Diego Andrés  |e director  |9 891033 
700 1 |a Fuchs Nissim, Andrés  |e director  |9 814260 
942 |2 ddc  |c BK  |n 0 
952 |0 0  |1 0  |2 ddc  |4 0  |6 347_830000000000000_CHI_2020  |7 0  |8 R  |9 562156  |a BIBDER  |b BIBDER  |d 2020-03-27  |e 46  |g 0.00  |i 5575052  |l 49  |m 1  |o 347.83 CHI 2020  |p 5575052  |r 2024-09-09  |s 2024-09-09  |t 1  |v 0.00  |w 2020-03-27  |y BK_R  |k DER